| 000 | 00640 a2200229 4500 | ||
|---|---|---|---|
| 001 | 18505 | ||
| 999 |
_c18505 _d5208 |
||
| 003 | TR-AnTOB | ||
| 005 | 20190408213034.0 | ||
| 008 | 041102s1998 tu tur | ||
| 020 | _a9753121318 | ||
| 041 | _atur | ||
| 050 |
_aHQ987 _b.V3319 1998 |
||
| 090 | _aHQ987 .V3319 1998 | ||
| 100 |
_aVacano, E. Mario _910521 |
||
| 245 | 0 |
_aHaremde bir İtalyan (Akağa Millio'nun anıları) / _cE.Mario Vacano ; çev. firuzan Gürbüz. |
|
| 264 | 1 |
_aİstanbul : _bAksoy Yayıncılık, _c1998 |
|
| 300 |
_a127 p. : _bill. ; _c24 cm. |
||
| 650 |
_aHarem _xEdebiyat _910523 |
||
| 650 |
_aHarem _xLiterature _910522 |
||
| 902 | _a0007563 | ||
| 942 | _cBK | ||